000 00753nam a22002297a 4500
005 20170124110125.0
010 _aB-129076
020 _c695.00
_a9788176240657
035 _aB-129076
037 _bCen Lib/Ret
040 _aDPL
_bEN
082 _a954.11
_bRAI
100 _aRai, Mridu
_992289
245 _aHindu rulers muslim subjects :
_cby Mridu Rai
_bislam rights and the history of kashmir /
260 _aDelhi
_bPermanent Black
_c2004
270 _aD-28, Oxford Apartments 11,I.P. Extension
_bDelhi
_e110092
300 _axi,335p. :
_c23cm(Hb)
_bill.
500 _aIncludes bibliographical reference and index
650 _aPolitics and government
_992290
650 _aHinduism
_992291
942 _2ddc
_cEN
_h954.11
_mRAI
999 _c131291
_d131291